00626nam a2200181 a 450000100100000000500170001000800410002704000250006808200150009310000400010824501010014826000410024930000190029049000350030950500330034450000320037783000350040900004256920201002040237.0140128s1968 mx 000 0 spa d aDO-SdBNPbspacBNPHU axxxxbxxxx1 aDíez-Canedo, Enrique,d1879-1944.10aArtículos de crítica teatral :bel teatro español de 1914 a 1936 /cEnrique Díez Canedo. aMéxico :bJoaquín Mortiz,c1968. a4 v. ;c20 cm.1 aObras de Enrique Díez Canedo0 g4tElementos de renovación aLa biblioteca posee el v. 4 0aObras de Enrique Díez Canedo